The New Digital Age: (Record no. 3591)

MARC details
000 -LEADER
fixed length control field 00483nam a22001457a 4500
008 - FIXED-LENGTH DATA ELEMENTS--GENERAL INFORMATION
fixed length control field 250522b |||||||| |||| 00| 0 eng d
020 ## - INTERNATIONAL STANDARD BOOK NUMBER
ISBN 9781848546226
100 ## - MAIN ENTRY--AUTHOR
Author Schmiot Eric
245 ## - TITLE STATEMENT
Title The New Digital Age:
Remainder of title Reshaping the Future of People Nation and Business
260 ## - PUBLICATION, DISTRIBUTION, ETC. (IMPRINT)
Place of publication London
Name of publisher John Murray
Date of publication 2013
300 ## - COLLATION
Pagination 353p.
650 ## - TRACINGS
Main Subject Digital Media - Social Aspects - Forecasting
Subdivision (1st) Digital Media - Political Aspects - Forecasting
942 ## - ADDED ENTRY ELEMENTS (KOHA)
Item type Books
050 ## - LIBRARY OF CONGRESS CALL NUMBER
Classification number HM851
Item number .S34 2013
Holdings
Source of classification or shelving scheme Not for loan Permanent location Current location Date acquired Accession No. Full call number Barcode. Koha item type
Library of Congress Classification   Samuel Ogbemudia Main Library, University of Abuja Samuel Ogbemudia Main Library, University of Abuja 05/22/2025 2024/63569 HM851.S34 2013 2025-2064 Books